College Football Teams to make the Rose bowl - Statistics

General Stats
  • This quiz has been taken 79 times
  • The average score is 27 of 41
Answer Stats
Appearances Answer % Correct
16 Ohio St
99%
20 Michigan
97%
34 USC
97%
8 Oregon
93%
1 Penn
93%
5 Penn St
91%
12 UCLA
91%
7 Alabama
90%
2 Texas
90%
15 Washington
90%
2 Oklahoma
88%
5 Michigan St
84%
2 Georgia
82%
10 Wisconsin
82%
15 Stanford
81%
4 Washington St
81%
1 Florida State
79%
3 Oregon St
79%
2 Nebraska
78%
2 Arizona St
76%
6 Iowa
76%
2 Utah
76%
8 California
72%
2 Notre Dame
72%
1 Indiana
69%
2 Minnesota
69%
5 Illinois
63%
1 Miami (FL)
63%
2 Purdue
59%
2 Tennessee
54%
2 Northwestern
53%
1 Georgia Tech
40%
1 Harvard
40%
1 Navy
38%
2 Duke
29%
1 SMU
24%
4 Pittsburg
19%
1 Columbia
13%
1 Brown
12%
1 Tulane
9%
1 Washington and Jefferson
3%
No matching quizzes found
Score Distribution
Percent of People with Each Score
Percentile by Number Answered
Your Score History
You have not taken this quiz